000 00558cam a2200193 4500500
005 20250921003613.0
041 _afre
042 _adc
100 1 0 _aRogé, Antoine
_eauthor
245 0 0 _aHylé flottante à la Husserl
260 _c2016.
500 _a58
690 _aAntoine Rogé
690 _aCuisine
690 _aHusserl
690 _aPhénoménologie
786 0 _nPhilosophie Magazine | 104 | 11 | 2016-11-01 | p. 70-70
856 4 1 _uhttps://shs.cairn.info/magazine-philosophie-magazine-2016-11-page-70?lang=fr&redirect-ssocas=7080
999 _c1506623
_d1506623